Country by Map #1 - Statistics

General Stats
  • This quiz has been taken 19 times
  • The average score is 10 of 16
Answer Stats
Picture Answer % Correct
Germany
94%
United States
94%
Argentina
88%
Canada
88%
Austria
82%
Norway
82%
Croatia
59%
Hungary
59%
Netherlands
59%
Romania
59%
Bosnia & Herzegovina
53%
Belgium
47%
Poland
47%
Serbia
47%
Slovakia
41%
Nauru
35%
No matching quizzes found
Score Distribution
Percent of People with Each Score
Percentile by Number Answered
Your Score History
You have not taken this quiz